[Event "Novokuznetsk-ch"]
[Site "Novokuznetsk"]
[Date "2016.05.11"]
[Round "9"]
[White "Lomantsov, Evgenij"]
[Black "Kamensky, Danil"]
[Result "1-0"]
[WhiteElo "2285"]
[BlackElo "2172"]
[PlyCount "67"]
[EventDate "2016.05.01"]
[EventType "swiss"]
[EventRounds "9"]
[EventCountry "RUS"]
[SourceTitle "CBM 172 Extra"]
[Source "ChessBase"]
[SourceDate "2016.06.21"]
[SourceVersion "1"]
[SourceVersionDate "2016.06.21"]
[SourceQuality "1"]

1. e4 c6 2. d4 d5 3. e5 Bf5 4. Bd3 Bxd3 5. Qxd3 e6 6. Ne2 c5 7. c3 Nc6 8. 0-0 Nge7 9. a3 cxd4 10. cxd4 Nf5 11. b4 Qb6 12. Be3 Be7 13. Nbc3 Qd8 14. Ng3 Nxg3 15. hxg3 h5 16. Ne2 g6 17. Nf4 Kd7 18. Qb3 g5 19. Nxd5 exd5 20. Qxd5+ Ke8 21. Qe4 Qd7 22. d5 Nd8 23. e6 fxe6 24. Qg6+ Kf8 25. f4 g4 26. f5 exd5 27. f6 Bd6 28. Rae1 Qf7 29. Bh6+ Rxh6 30. Qxh6+ Kg8 31. Re8+ Bf8 32. Rxf8+ Qxf8 33. Qg6+ Kh8 34. Rf5 1-0

[Event "Novokuznetsk-ch"]
[Site "Novokuznetsk"]
[Date "2016.05.07"]
[Round "7"]
[White "Kamensky, Danil"]
[Black "Buts, Nikita"]
[Result "0-1"]
[WhiteElo "2172"]
[BlackElo "2064"]
[PlyCount "112"]
[EventDate "2016.05.01"]
[EventType "swiss"]
[EventRounds "9"]
[EventCountry "RUS"]
[SourceTitle "CBM 172 Extra"]
[Source "ChessBase"]
[SourceDate "2016.06.21"]
[SourceVersion "1"]
[SourceVersionDate "2016.06.21"]
[SourceQuality "1"]

1. d4 Nf6 2. c4 e6 3. Nf3 b6 4. a3 d5 5. Nc3 Bb7 6. cxd5 exd5 7. Bg5 Be7 8. e3 0-0 9. Bd3 Nbd7 10. Rc1 c5 11. Bb1 Ne4 12. Bxe7 Qxe7 13. dxc5 Nxc3 14. Rxc3 bxc5 15. 0-0 Nf6 16. Qc1 Rac8 17. Bf5 Rc6 18. b4 g6 19. Bd3 Rfc8 20. bxc5 Ne4 21. Nd4 Nxc3 22. Nxc6 Qxc5 23. Nd4 Qb6 24. Qa1 Ba6 25. Bxa6 Qxa6 26. Rc1 Qd3 27. Qb2 a6 28. Kh1 Rc4 29. Qb8+ Kg7 30. Qe5+ Kg8 31. Qe8+ Kg7 32. Nc6 Ne2 33. Rd1 Qxa3 34. Qe5+ Kh6 35. g4 Rc1 36. Rxc1 Qxc1+ 37. Kg2 Qxc6 38. g5+ Kh5 39. Qg7 d4+ 40. f3 Kxg5 41. h4+ Kf5 42. Qxf7+ Ke5 43. e4 Nf4+ 44. Kg3 Nh5+ 45. Kf2 Qc2+ 46. Kg1 Qc1+ 47. Kf2 Qd2+ 48. Kf1 Ng3+ 49. Kg1 Ne2+ 50. Kf1 d3 51. Qd5+ Kf6 52. Qd6+ Kg7 53. Qe7+ Kh6 54. Qf8+ Kh5 55. Qc5+ Kxh4 56. Qf2+ Ng3+ 0-1

[Event "Novokuznetsk SFO-ch U17"]
[Site "Novokuznetsk"]
[Date "2014.11.09"]
[Round "8"]
[White "Nazarov, Mikhail"]
[Black "Kamensky, Danil"]
[Result "1-0"]
[WhiteElo "800"]
[BlackElo "1878"]
[PlyCount "45"]
[EventDate "2014.11.02"]
[EventType "swiss"]
[EventRounds "9"]
[EventCountry "RUS"]
[SourceTitle "CBM 163 Extra"]
[Source "ChessBase"]
[SourceDate "2014.12.23"]
[SourceVersion "1"]
[SourceVersionDate "2014.12.23"]
[SourceQuality "1"]

1. e4 e6 2. d4 d5 3. exd5 exd5 4. Nf3 Bd6 5. c4 c6 6. Nc3 Ne7 7. Bd3 h6 8. 0-0 0-0 9. Ne5 Be6 10. cxd5 Bxd5 11. Nxd5 Nxd5 12. Qg4 Nf6 13. Qf5 Qc8 14. Qf3 Qd8 15. Ng4 Nxg4 16. Qxg4 Qf6 17. Qe4 g6 18. Bxh6 Rd8 19. Qg4 Qh8 20. Qg5 Rd7 21. Bxg6 Be7 22. Bxf7+ Kxf7 23. Qh5+ 1-0

[Event "Novokuznetsk Spring op"]
[Site "Novokuznetsk"]
[Date "2014.04.26"]
[Round "8"]
[White "Spirin, Alexandr"]
[Black "Kamensky, Danil"]
[Result "0-1"]
[WhiteElo "1972"]
[BlackElo "1820"]
[PlyCount "68"]
[EventDate "2014.03.29"]
[EventType "swiss"]
[EventRounds "9"]
[EventCountry "RUS"]
[SourceTitle "EXT 2015"]
[Source "ChessBase"]
[SourceDate "2014.11.20"]
[SourceVersion "1"]
[SourceVersionDate "2014.11.20"]
[SourceQuality "1"]

1. Nf3 d5 2. b3 Nf6 3. Bb2 e6 4. e3 c6 5. d4 Bd6 6. Nbd2 Nbd7 7. Ne5 Qa5 8. a3 0-0 9. Bd3 Qc7 10. f4 b6 11. 0-0 Bb7 12. Rf3 c5 13. Rh3 Ne4 14. Qf3 Ndf6 15. Nf1 c4 16. Be2 cxb3 17. Bd3 bxc2 18. g4 g6 19. Rc1 Qe7 20. g5 Nh5 21. Rxc2 Bxa3 22. Bxa3 Qxa3 23. Rc7 Ba6 24. Bxa6 Qxa6 25. Rxh5 gxh5 26. Qxh5 Qa2 27. Ng4 Rac8 28. Rxf7 Rxf7 29. Nh6+ Kh8 30. Nxf7+ Kg7 31. Nd2 Rc1+ 32. Kg2 Qxd2+ 33. Kh3 Qxe3+ 34. Kg4 Nf2+ 0-1

[Event "Novokuznetsk Kuzbass Festival"]
[Site "Novokuznetsk"]
[Date "2014.??.??"]
[Round "6"]
[White "Alimov, Alexander"]
[Black "Kamensky, Danil"]
[Result "0-1"]
[WhiteElo "1959"]
[BlackElo "1820"]
[PlyCount "120"]
[EventDate "2014.??.??"]
[EventType "swiss"]
[EventRounds "7"]
[EventCountry "RUS"]
[SourceTitle "EXT 2016"]
[Source "ChessBase"]
[SourceDate "2015.10.08"]
[SourceVersion "1"]
[SourceVersionDate "2015.10.08"]
[SourceQuality "1"]

1. c4 e6 2. Nf3 b6 3. d4 Nf6 4. a3 Bb7 5. Nc3 Be7 6. e3 0-0 7. d5 exd5 8. cxd5 Re8 9. Be2 Bf8 10. 0-0 a5 11. Bc4 Ba6 12. Qd3 Qe7 13. Re1 Ne4 14. Nxe4 Qxe4 15. Qxe4 Rxe4 16. Bf1 f5 17. b3 Bxf1 18. Kxf1 Na6 19. Ke2 g6 20. Bb2 Bg7 21. Rab1 Rae8 22. g3 b5 23. Bxg7 Kxg7 24. Rbc1 Kf6 25. Kd3 b4 26. a4 d6 27. Rc6 Nc5+ 28. Kc2 R4e7 29. Nd2 Ke5 30. Rxc5 dxc5 31. Nc4+ Kxd5 32. Rd1+ Ke6 33. Nxa5 Rd7 34. Rxd7 Kxd7 35. Kd3 Kd6 36. Kc4 Re5 37. Kd3 Rd5+ 38. Ke2 c4 39. Nxc4+ Kc5 40. f4 Rd8 41. h4 Kd5 42. Kd3 Ra8 43. Ne5 Ra5 44. Nd7 Kd6 45. Nf8 Rc5 46. Nxh7 Rc3+ 47. Kd2 Ke7 48. Ng5 Rxb3 49. Nf3 Rc3 50. Ne5 Kf6 51. Nd3 c5 52. a5 Ke6 53. a6 Kd5 54. Ne5 Ra3 55. Nxg6 c4 56. Ne7+ Ke4 57. Nc6 c3+ 58. Kc2 Ra2+ 59. Kd1 b3 60. Nb4 Ra1+ 0-1

[Event "Novokuznetsk-ch"]
[Site "Novokuznetsk"]
[Date "2013.12.15"]
[Round "9"]
[White "Tsvetkov, Yury"]
[Black "Kamensky, Danil"]
[Result "0-1"]
[WhiteElo "1693"]
[BlackElo "1804"]
[PlyCount "86"]
[EventDate "2013.11.17"]
[EventType "swiss"]
[EventRounds "9"]
[EventCountry "RUS"]
[SourceTitle "EXT 2015"]
[Source "ChessBase"]
[SourceDate "2014.11.20"]
[SourceVersion "1"]
[SourceVersionDate "2014.11.20"]
[SourceQuality "1"]

1. e4 e6 2. d4 d5 3. e5 c5 4. c3 Nc6 5. Nf3 Qb6 6. Bd3 cxd4 7. cxd4 Bd7 8. Be2 Nge7 9. g4 Rc8 10. Nc3 Ng6 11. a3 Na5 12. Na4 Qb3 13. Nc3 Be7 14. Qd3 Nc4 15. Rb1 Nxa3 16. bxa3 Qxc3+ 17. Bd2 Qxd3 18. Bxd3 b6 19. h4 Ba4 20. h5 Nf8 21. Bb4 Nd7 22. 0-0 Nb8 23. Rfc1 Nc6 24. Bd6 Bxd6 25. exd6 Rd8 26. Ne5 Rxd6 27. Ba6 Nxe5 28. dxe5 Rc6 29. Rxc6 Bxc6 30. Rc1 Kd7 31. f4 Rb8 32. Kf2 b5 33. a4 Rb6 34. axb5 Bxb5 35. Bc8+ Kd8 36. f5 Bc4 37. fxe6 fxe6 38. Ra1 Kxc8 39. Rxa7 Rb7 40. Ra8+ Kd7 41. Rg8 Kc6 42. Re8 d4 43. Rc8+ Kd5 0-1

[Event "Novokuznetsk-ch"]
[Site "Novokuznetsk"]
[Date "2013.12.07"]
[Round "6"]
[White "Kamensky, Danil"]
[Black "Ragulin, Yury"]
[Result "1-0"]
[WhiteElo "1804"]
[BlackElo "1891"]
[PlyCount "83"]
[EventDate "2013.11.17"]
[EventType "swiss"]
[EventRounds "9"]
[EventCountry "RUS"]
[SourceTitle "EXT 2015"]
[Source "ChessBase"]
[SourceDate "2014.11.20"]
[SourceVersion "1"]
[SourceVersionDate "2014.11.20"]
[SourceQuality "1"]

1. c4 Nf6 2. Nc3 c5 3. g3 e6 4. Bg2 Be7 5. e3 Nc6 6. Nge2 d5 7. cxd5 exd5 8. d4 c4 9. Nf4 Bb4 10. Bd2 Bxc3 11. Bxc3 0-0 12. 0-0 Re8 13. b3 b5 14. bxc4 bxc4 15. Rb1 Bf5 16. Rb5 Be6 17. Qc2 Qd7 18. Nxe6 fxe6 19. Rfb1 Rab8 20. Rxb8 Rxb8 21. Rxb8+ Nxb8 22. Qb2 Qc7 23. Qb5 Qb6 24. Qxb6 axb6 25. a4 Nc6 26. f3 Na5 27. Kf2 Kf7 28. Ke2 Ke7 29. e4 Nb3 30. e5 Nh5 31. f4 g6 32. Ke3 Ng7 33. g4 Nc1 34. Bb4+ Kf7 35. Bf1 h5 36. h3 g5 37. fxg5 hxg4 38. hxg4 Kg6 39. Be7 Ne8 40. Bd8 Nb3 41. Bxb6 Kxg5 42. Be2 1-0

[Event "Novokuznetsk-ch"]
[Site "Novokuznetsk"]
[Date "2013.11.30"]
[Round "4"]
[White "Kamensky, Danil"]
[Black "Bogachev, Alexandr"]
[Result "0-1"]
[WhiteElo "1804"]
[BlackElo "2063"]
[PlyCount "286"]
[EventDate "2013.11.17"]
[EventType "swiss"]
[EventRounds "9"]
[EventCountry "RUS"]
[SourceTitle "EXT 2015"]
[Source "ChessBase"]
[SourceDate "2014.11.20"]
[SourceVersion "1"]
[SourceVersionDate "2014.11.20"]
[SourceQuality "1"]

1. c4 c5 2. Nc3 Nc6 3. g3 e6 4. Bg2 Nge7 5. e3 g6 6. Nge2 Bg7 7. 0-0 e5 8. Nb5 d6 9. b3 a6 10. Nbc3 Bg4 11. h3 Bxe2 12. Qxe2 0-0 13. Bb2 Re8 14. Nd5 Nf5 15. d3 Rb8 16. a3 a5 17. Bc3 Nfe7 18. Qd2 b6 19. Nxe7+ Nxe7 20. b4 axb4 21. axb4 d5 22. Qb2 Qd6 23. Rfd1 d4 24. exd4 cxd4 25. Bd2 h6 26. Ra6 Qd8 27. Rda1 Qc8 28. b5 Nf5 29. Bb4 Bf8 30. Kh2 Nd6 31. Ra7 Nb7 32. Bxf8 Rxf8 33. Qc2 Nc5 34. R1a3 Qf5 35. Bd5 Kg7 36. Qe2 h5 37. Kg2 Rbe8 38. Qf3 Qxf3+ 39. Kxf3 g5 40. Rc7 Rc8 41. Re7 Rce8 42. Rxe8 Rxe8 43. Ra7 Rf8 44. Ke2 Kg6 45. Rc7 f6 46. f3 Rb8 47. Kf2 Nxd3+ 48. Ke2 Nc5 49. g4 hxg4 50. hxg4 Rf8 51. Be4+ Nxe4 52. fxe4 Rh8 53. Rb7 Rh2+ 54. Kf3 Rc2 55. Rxb6 Rxc4 56. Rc6 Rb4 57. b6 Rb2 58. Kg3 Kf7 59. Kf3 Ke7 60. Kg3 d3 61. Kf3 Rc2 62. b7 Rb2 63. Rc7+ Kd6 64. Rf7 Kc5 65. Ke3 d2 66. Rd7 Rxb7 67. Rxd2 Rb3+ 68. Kf2 Rb4 69. Kf3 Rb3+ 70. Kf2 Rb6 71. Ke3 Kc4 72. Rc2+ Kb3 73. Rd2 Kc3 74. Rd7 Kc2 75. Ke2 Kc3 76. Ke3 Rc6 77. Rd8 Kb4 78. Rb8+ Ka5 79. Rd8 Kb6 80. Rd5 Kc7 81. Rd2 Rc1 82. Kf2 Rb1 83. Rc2+ Kd6 84. Rd2+ Ke7 85. Kg2 Re1 86. Kf3 Rf1+ 87. Kg3 Rf4 88. Re2 Kd6 89. Rd2+ Kc6 90. Rc2+ Kb6 91. Rb2+ Kc6 92. Ra2 Rxe4 93. Ra5 Kd6 94. Ra6+ Ke7 95. Ra7+ Ke6 96. Ra6+ Kf7 97. Ra7+ Kg6 98. Re7 Rf4 99. Kh3 Re4 100. Kg3 Re1 101. Kf2 Rh1 102. Kg2 Rh7 103. Re6 Rd7 104. Kf3 Kf7 105. Rb6 Rd3+ 106. Kf2 Ke7 107. Rb7+ Ke6 108. Rb6+ Rd6 109. Rb4 f5 110. gxf5+ Kxf5 111. Rb3 Rd4 112. Kg3 Rg4+ 113. Kh3 Rg1 114. Kh2 Rd1 115. Kg3 Ke4 116. Kf2 Rd2+ 117. Ke1 Rd3 118. Rb2 g4 119. Ke2 Re3+ 120. Kf2 Rf3+ 121. Kg2 Kf4 122. Rb7 e4 123. Rf7+ Ke3 124. Re7 g3 125. Rd7 Ke2 126. Rd6 Re3 127. Rd5 Rc3 128. Rd4 Ke3 129. Rd8 Rd3 130. Re8 Kd4 131. Rd8+ Kc3 132. Re8 e3 133. Kxg3 Kd2 134. Kg2 Rd6 135. Kf1 Rd5 136. Re7 Rf5+ 137. Kg2 Ke2 138. Rg7 Re5 139. Rg8 Rd5 140. Rg6 Kd2 141. Kf3 e2 142. Rg2 Rf5+ 143. Ke4 Rf7 0-1

[Event "Novokuznetsk op"]
[Site "Novokuznetsk"]
[Date "2013.08.15"]
[Round "5"]
[White "Marjina, Arina"]
[Black "Kamensky, Danil"]
[Result "1-0"]
[WhiteElo "1910"]
[BlackElo "1819"]
[PlyCount "59"]
[EventDate "2013.08.11"]
[EventType "swiss"]
[EventRounds "9"]
[EventCountry "RUS"]
[SourceTitle "CBM 156 Extra"]
[Source "ChessBase"]
[SourceDate "2013.10.22"]
[SourceVersion "1"]
[SourceVersionDate "2013.10.22"]
[SourceQuality "1"]

1. d4 Nf6 2. Nf3 e6 3. g3 b6 4. Bg2 Bb7 5. 0-0 Be7 6. c4 0-0 7. Nc3 d6 8. d5 exd5 9. cxd5 Nbd7 10. Re1 Re8 11. e4 Ng4 12. Nd4 Nge5 13. f4 Ng6 14. Be3 Bf6 15. Bf2 Bxd4 16. Bxd4 Nf6 17. Rc1 a6 18. h4 Bc8 19. h5 Bg4 20. Bf3 Bxf3 21. Qxf3 Nf8 22. g4 Qd7 23. Bxf6 gxf6 24. Rc2 h6 25. Rg2 Nh7 26. Ne2 Qd8 27. Nd4 Nf8 28. Kh1 Nd7 29. Nc6 Qc8 30. g5 1-0

[Event "Novokuznetsk op"]
[Site "Novokuznetsk"]
[Date "2013.08.14"]
[Round "4"]
[White "Kamensky, Danil"]
[Black "Tsvetkov, Yury"]
[Result "1-0"]
[WhiteElo "1819"]
[BlackElo "1674"]
[PlyCount "101"]
[EventDate "2013.08.11"]
[EventType "swiss"]
[EventRounds "9"]
[EventCountry "RUS"]
[SourceTitle "CBM 156 Extra"]
[Source "ChessBase"]
[SourceDate "2013.10.22"]
[SourceVersion "1"]
[SourceVersionDate "2013.10.22"]
[SourceQuality "1"]

1. d4 d5 2. Nf3 Nf6 3. Bf4 e6 4. e3 c5 5. c4 dxc4 6. Bxc4 a6 7. a4 Nh5 8. Bg5 Nf6 9. Nc3 Be7 10. 0-0 cxd4 11. Qxd4 Qa5 12. Rfd1 Nc6 13. Qd2 0-0 14. Bxf6 Bxf6 15. Ne4 Be7 16. Qxa5 Nxa5 17. Ba2 b6 18. Rac1 Nb7 19. Ne5 Bb4 20. Nc6 a5 21. Rc4 Nc5 22. Nxb4 Nxe4 23. Rxe4 Bb7 24. Rc4 axb4 25. Rxb4 b5 26. Bb3 bxa4 27. Rxb7 axb3 28. Rxb3 g6 29. Kf1 Rfc8 30. Rb7 Rd8 31. Rxd8+ Rxd8 32. Ke2 h5 33. b4 Kg7 34. Rc7 Kf6 35. Rc4 e5 36. b5 Ke6 37. b6 Kd5 38. Rb4 Kc5 39. Rb1 Rb8 40. b7 Kc6 41. Kd3 f5 42. f4 exf4 43. exf4 Rd8+ 44. Kc4 Rb8 45. Kd4 Kc7 46. Kc5 Rd8 47. b8Q+ Rxb8 48. Rxb8 Kxb8 49. Kd6 Kc8 50. Ke6 Kd8 51. Kf6 1-0

[Event "Novokuznetsk op"]
[Site "Novokuznetsk"]
[Date "2013.08.13"]
[Round "3"]
[White "Khalimanov, Alexandr"]
[Black "Kamensky, Danil"]
[Result "1-0"]
[WhiteElo "1940"]
[BlackElo "1819"]
[PlyCount "75"]
[EventDate "2013.08.11"]
[EventType "swiss"]
[EventRounds "9"]
[EventCountry "RUS"]
[SourceTitle "CBM 156 Extra"]
[Source "ChessBase"]
[SourceDate "2013.10.22"]
[SourceVersion "1"]
[SourceVersionDate "2013.10.22"]
[SourceQuality "1"]

1. e4 e6 2. f4 d5 3. e5 c5 4. Nf3 Nc6 5. c3 Nh6 6. Na3 Nf5 7. Bd3 Nh4 8. 0-0 Ng6 9. g3 Bd7 10. Nc2 Be7 11. Ne3 c4 12. Bb1 b5 13. d4 a5 14. h4 Nf8 15. f5 h6 16. Nh2 Nh7 17. Qh5 Qc7 18. b3 Nxe5 19. fxe6 Bxe6 20. dxe5 cxb3 21. axb3 Qxc3 22. Qe2 Qxe5 23. Qxb5+ Kf8 24. Rxa5 Qxg3+ 25. Ng2 Rxa5 26. Qxa5 Kg8 27. Rf3 Qe5 28. Rf1 Qg3 29. Rf3 Qe5 30. Nf1 g5 31. Rf2 f6 32. Bb2 Qd6 33. Nfe3 d4 34. Nf5 Bxf5 35. Qxf5 Nf8 36. Bd3 Qe5 37. Qxe5 fxe5 38. Bc4+ 1-0